000 00455ntaaa2200181 4500
003 01
005 20251027202800.0
008 0714s1973 ag 01
040 _aAR-BaBN
_bspa
_cAR-BaBN
_eaacr
_dRIC
082 _a823.8200 T363
100 _aThackeray, William Makepeace
_928074
245 _aThe Newcomes
250 _a1 ed.
260 _aLondon :
_bJ.M. Dent Sons,
_cs.f.
300 _aviii, 423 p
650 _aliteratura inglesa
_926061
942 _cBK
999 _c23147
_d23147